000 00312nam a2200145Ia 4500
005 20250423095621.0
008 250422s9999 xx 000 0 und d
020 _a9750077008
245 0 _aHis compassion
260 _aTurkey
260 _bAbet Print House
260 _c2006
300 _a90 p
942 _cBK
999 _c30816
_d30816